Demi Moore Movies - Statistics

General Stats
  • This quiz has been taken 294 times
  • The average score is 7 of 12
Answer Stats
Movie Description % Correct
Billionaire is willing to offer $1,000,000 for a night with a broke, but married woman Indecent Proposal
90%
Military lawyers face off against the corrupt commander of Guantanamo Bay A Few Good Men
87%
Recently-deceased man enlists the help of a psychic to help him protect his beloved from a dangerous assailant Ghost
87%
Female Navy Seal recruit seeks to prove her worth in a male-dominated environment G.I. Jane
77%
Struggling single mother takes a job as an exotic dancer in order to make ends meet Striptease
75%
Seven friends navigate love, heartbreak, and adulthood in Washington D.C. St. Elmo's Fire
56%
Woman struggles to survive in a Puritan society after being publicly shamed for adultery The Scarlet Letter
56%
Deformed bell ringer must must overcome adversity to win the heart of the girl he loves The Hunchback of Notre-Dame
48%
When a female executive's career is threatened by her former lover, she takes action to expose a web of corporate sexual harassment Disclosure
35%
Two couples navigate the complexities of love, sex, and dating in modern-day L.A. About Last Night
29%
A tense drama about the high-stakes decisions made by a Wall Street firm during the 2008 financial crisis Margin Call
21%
High school student must take on the identity of his twin sister to save the family business The Juror
2%
No matching quizzes found
Score Distribution
Percent of People with Each Score
Percentile by Number Answered
Your Score History
You have not taken this quiz